000 01543nam0a2200337 4500
001 RU\NLR\bibl\1125698
005 20250615065927.0
010 _a978-5-94887-048-9
_93000
021 _aRU
_b2007-50880
_92691
035 _a(nilc)RSL-KNO-003151764
035 _a(NLR Aleph) 001112641
090 _a1247881
_c1247881
100 _a20070813d2007 |||y0rusy50 ca
101 0 _arus
102 _aRU
105 _ay zzzz|||||
200 1 _aШестой прокуратор Иудеи
_e[исторический роман-предположение]
_fВладимир А. Паутов
210 _aМосква
_cОктопус
_d2007
215 _a446 с.
_d21
600 0 _aПонтий Пилат
_f1 в.
_xв художественной литературе
_92268026
_3RU\NLR\auth\661359505
610 0 _aФилологические науки. Художественная литература -- Российская Федерация -- Русская литература -- с сер. 50-х гг. 20 в. -- Произведения художественной литературы -- Художественная проза -- Романы. Повести. Рассказы
686 _aШ5(2=Р)75-644
_2rubbk
686 _aШ6(2=Р)75-442
700 1 _aПаутов
_bВ. А.
_gВладимир Александрович
_4070
801 0 _aRU
_bРКП
_c20070813
801 1 _aRU
_bРГБ
_c20070813
801 2 _aRU
_bNLR
_c20070907
_grcr
942 _cBOOK
980 _aNB